000 03991nam a22004697a 4500
005 20120120111620.0
010 _aB-476936-953
020 _a9788179933428
_c930.00 (set of 6 books) 155.00 each
020 _a9788179933572
035 _aB-476936-953
037 _adpl
_bBlue Berry/Ven
082 _a384
100 _aKumar, Aanchal Broca
_952361
245 _aCommuncations
_bby Aanchal Borca Kumar; edited by Anupama Jauhry
260 _aNew Delhi
_bThe Energy and Resources Institute, TERI Press,
_c2011
270 _aDarbari Seth Block, IHC Centre, Lodhi Road
_bNew Delhi
_e110003
300 _a30p.
_bill (col)
_c29 cm (Hb)
490 _aScience in our environment
_952362
500 _aage 7-11 group
700 _aJauhry, Anupama
_939785
942 _2ddc
_cCH
_mKUM
_h384
999 _c61273
_d61273